Statistics for Green Day - Dookie Songs

Click here to take the quiz!

General Stats

  • This quiz has been taken 37 times
  • The average score is 11 of 15

Answer Stats

ListensSong% Correct
1,013,785,744Basket Case
96%
185,503,809Welcome To Paradise
96%
137,760,911Longview
93%
108,578,570She
89%
479,438,301When I Come Around
86%
53,286,858Burnout
79%
16,562,250In The End
75%
25,638,075Chump
71%
22,936,220F.O.D.
71%
12,500,530All By Myself
64%
26,515,513Coming Clean
64%
23,800,582Pulling Teeth
64%
29,993,672Having A Blast
57%
23,970,063Sassafras Roots
54%
17,529,789Emenius Sleepus
43%

Score Distribution

Percentile by Number Answered

Percent of People with Each Score

Your Score History

You have not taken this quiz